000 00837nam a2200277 a 4500
003 AR-BaBNM
005 20251128203634.0
008 082120s2002 ||||||||||||||000 | spa||
040 _cAR-BaBNM
100 1 _aGarcía Gutiérrez, Antonio
245 0 0 _aEl trovador
260 _aMadrid
_bCompañía Ibero-Americana de Publicaciones
_c[ca. 1930]
300 _a160 p.
490 0 _aBibliotecas populares Cervantes. Las cien mejores obras de la literatura española
_vv. 75
500 _aNo se consiga fecha de edición
500 _aLa obra fue estrenada en 1 de marzo de 1836
650 4 _aLITERATURA ESPAÑOLA
650 4 _aROMANTICISMO
650 4 _aTEATRO
650 4 _aLEYENDAS
650 4 _aLITERATURA POPULAR
655 _aLITERATURA
700 1 _aMarqués, Eduardo F.
_eprologuista
942 _cBK
998 _cisola
999 _c4273
_d4273